LEADER 01980nam a2200349 4500 001 000000351335 003 CaOOAMICUS 005 20220824120516.0 008 220824s1768 it a 000 u lat r 026 $ea-es tour n-o, sumn (7) 1768 (R) 040 $aSeMil$bita 100 01$aHieronymus,$c.$0(OLS)http://semarc/name/471 245 10$aSancti Hieronymi presbyteri Epistolae selectę, in tres libros novo ordine distributae, et a D. Pietro Canisio olim ad exemplar Marianii Victorii Reatini, episcopi Amerini emendatae, argumentis, & uberrimo rerum & verborum indice locupletatae. 250 $aIn hac novissima editione Vita s. doctoris nunc primum auctae, notisque illustratae, opera, et studio Josephi Cathalani ... 264 1$aIn Typographia Bassanensi :$bSumptibus Remondini veneti,$c1768. 300 $a523, [1] p. ;$c12° 500 $aIniziali e fregi xilogr. 500 $aBianco il v. dell'ultima carta 500 $aAntip. calcogr. raffigurante s. Girolamo 500 $aSegn.: A-X¹² Y¹? 650 4$aGirolamo . Epistolae.$0(OLS)http://semarc/subject/50788 700 1 $aCatalani, Giuseppe,$d<1698-1764>.$0(OLS)http://semarc/name/7148 700 1 $aCanisius, Petrus,$c.$0(OLS)http://semarc/name/116226 700 0 $aRemondini,$c.$0(OLS)http://semarc/name/3017 850 $aSeMil 852 $aSeMil$W1$xVenegono$y1$m2ZB X 33 FA$j234014$B242399$CSeMilBibl$Z2$F242399 $8I 900 01$aGirolamo$c. 941 1 $a10 996 $6245$aSancti Hieronymi presbyteri Epistolae selectę, in tres libros novo ordine distributae, et a D. Pietro Canisio olim ad exemplar Marianii Victorii Reatini, episcopi Amerini emendatae, argumentis, & uberrimo rerum & verborum indice locupletatae$9(OLS)http://semarc/title/441112 996 $6264$aIn Typographia Bassanensi :$bSumptibus Remondini veneti$9(OLS)http://semarc/publisher/37416 LEADER 01645nam a2200289 i 4500 001 000000118480 003 CaOOAMICUS 005 20230330161925.0 008 040706e1923 it u000 u ita u 040 $aSeMil$bita 100 1 $aGhedini, Giuseppe,$c.$0(OLS)http://semarc/name/5627 245 10$aLettere cristiane :$bdai papiri greci del 3. e 4. secolo /$cGiuseppe Ghedini. 264 1$aMilano :$bVita e Pensiero ;$aMilano :$bAegyptus,$c1923. 300 $aXXVIII, 376 p. ;$c20 cm 490 1 $aPubblicazioni della Universitą Cattolica del Sacro Cuore. Ser. 4., Scienze filologiche ;$v1 490 1 $aSupplementi ad Aegyptus : rivista italiana di egittologia e di papirologia. Serie di divulgazione, Sezione greco-romana ;$v3 650 4$aPapirologia greca.$0(OLS)http://semarc/subject/4692 650 4$aEpistolari cristiani.$0(OLS)http://semarc/subject/1101 830 0$aPubblicazioni della Universitą Cattolica del Sacro Cuore. Ser. 4., Scienze filologiche ;$v1.$0(OLS)http://semarc/title/9538 830 0$aSupplementi ad Aegyptus : rivista italiana di egittologia e di papirologia. Serie di divulgazione, Sezione greco-romana ;$v3.$0(OLS)http://semarc/title/26136 850 $aSeMil 852 $aSeMil$W1$xVenegono$y1$m1X IV 112$j239123$B73784$CSeMilBibl$Z2$F84402 $81 961 $aRecupero: Altro 996 $6245$aLettere cristiane :$bdai papiri greci del 3. e 4. secolo$9(OLS)http://semarc/title/174066 996 $6264$aMilano :$bVita e Pensiero$9(OLS)http://semarc/publisher/29642 996 $6264$aMilano :$bAegyptus$9(OLS)http://semarc/publisher/45809